Ballons d'or africains depuis 1992 - Statistiques

Statistiques générales
  • Ce quiz a été pris 87 fois
  • Le résultat moyen est 13 sur 32
Statistiques - réponses
années vainqueurs % Correct
1995 George Weah
78%
2006 Didier Drogba
73%
2009 Didier Drogba
73%
2017 Mohamed Salah
73%
2018 Mohamed Salah
73%
2025 Achraf Hakimi
68%
2019 Sadio Mané
68%
2022 Sadio Mané
68%
2003 Samuel Eto’o
67%
2004 Samuel Eto’o
67%
2005 Samuel Eto’o
67%
2010 Samuel Eto’o
67%
2011 Yaya Touré
62%
2012 Yaya Touré
62%
2013 Yaya Touré
62%
2014 Yaya Touré
62%
2016 Riyad Mahrez
47%
2023 Victor Osimhen
37%
2024 Ademola Lookman
32%
1992 Abedi Pelé
19%
2001 El Hadji Diouf
16%
2002 El Hadji Diouf
16%
2015 Pierre-Emerick Aubameyang
15%
2008 Emmanuel Adebayor
14%
2007 Frédéric Kanouté
7%
1997 Victor Ikpeba
5%
2000 Patrick M’Boma
4%
1994 Emmanuel Amunike
3%
1996 Nwankwo Kanu
3%
1999 Nwankwo Kanu
3%
1993 Rashidi Yekini
3%
1998 Mustapha Hadji
1%
Aucun quiz correspondant
Distribution des résultats
% des personnes avec chaque résultat
Percentile par nombre de réponses
Votre historique - résultats
Vous n’avez pas pris ce quiz